Copts and Moslems under British control : a collection of facts and a résumé of authoritative opinions on the Coptic question /

محفوظ في:

المؤلف الرئيسي: Mikhail, Kyriakos (مؤلف)

التنسيق: كتاب

اللغة: English

منشور في: London : Smith, Elder & co., 1911.

الموضوعات:

الوسوم: إضافة وسم

لا توجد وسوم, كن أول من يضع وسما على هذه التسجيلة!

رقم الطلب: DT107 .M5

LEADER 00694nam a22002177a 4500
003 OSt
005 20260405113316.0
008 260405t1911 enk 000 0 eng d
010 |a 13001359 
040 |c ARCE Library 
043 |a f-ua--- 
050 1 4 |a DT107  |b .M5 
100 1 |a Mikhail, Kyriakos,  |e author 
245 1 0 |a Copts and Moslems under British control :  |b a collection of facts and a résumé of authoritative opinions on the Coptic question /  |c by Kyriakos Mikhail. 
264 1 |a London :  |b Smith, Elder & co.,  |c 1911. 
300 |a xv, 146 pages ;  |c 21 cm. 
650 0 |a Copts. 
651 0 |a Egypt  |x Politics and government  |y 1882-1952. 
901 |a reviewed 
942 |c BK  |2 lcc 
999 |c 13513  |d 13513